Sąsiedzi państw #1 - Statystyki

Ogólne statystyki
  • Ten quiz został rozwiązany 197 razy
  • Średni wynik to 40 z 54
Statystyki odpowiedzi
Państwo % Poprawnych
Francja
92%
Portugalia
92%
Arabia Saudyjska
91%
Armenia
91%
Chiny
89%
Gruzja
89%
Andora
88%
Kazachstan
87%
Rosja
87%
Jemen
86%
Pakistan
86%
Brazylia
85%
Chile
85%
Demokratyczna Republika Konga
85%
Tadżykistan
85%
Turkmenistan
85%
Indonezja
83%
Kosowo
82%
Grecja
81%
Macedonia Północna
80%
Zjednoczone Emiraty Arabskie
80%
Czarnogóra
79%
Ekwador
79%
Kirgistan
79%
Iran
78%
Kolumbia
78%
Nepal
78%
Etiopia
76%
Panama
76%
Turcja
76%
Boliwia
74%
Afganistan
72%
Bhutan
71%
Bangladesz
69%
Honduras
69%
Nikaragua
69%
Gwatemala
67%
Somalia
67%
Tajlandia
67%
Tanzania
66%
Gwinea Bissau
63%
Uganda
63%
Kamerun
62%
Gabon
60%
Mjanma
60%
Senegal
59%
Brunei
58%
Angola
57%
Mali
56%
Republika Środkowo Afrykańska
56%
Wybrzeże Kości Słoniowej
52%
Sudan Południowy
51%
Liberia
50%
Sierra Leone
46%
Nie znaleziono quizów pasujących do podanych kryteriów
Rozkład punktacji
Procent ludzi z każdym wynikiem
Percentyl według liczby udzielonych odpowiedzi
Twoja historia wyników
Nie rozwiązałeś tego quizu